| 000 | 00774nam a2200229 i 4500 | ||
|---|---|---|---|
| 001 | 48965 | ||
| 003 | ES-MaACL | ||
| 005 | 20250901062526.0 | ||
| 007 | t| | ||
| 008 | 030703s1961 an ||||1| spa d | ||
| 100 | 1 |
_aCornelis, H. _940616 |
|
| 245 | 1 | 3 |
_aLa gnosis eterna / _cH. Cornelis y A. Leonard ; [versión española de Federico Revilla]. |
| 260 |
_aAndorra : _bCasal i Vall, _c[1961] |
||
| 300 |
_a159 p. ; _c18 cm. |
||
| 490 | 1 | _aYo sé, yo creo : enciclopedia del católico en el siglo XX | |
| 650 | 1 | 4 |
_aGnosticismo. _9136192 |
| 700 | 1 |
_aLeonard, A. _971660 |
|
| 700 | 1 |
_aRevilla, Federico. _996429 |
|
| 830 | 0 | 0 |
_aYo sé, yo creo: enciclopedia del católico del siglo XX _9186579 |
| 852 |
_aES-MaACL _jC-20329 _bR.48927 |
||
| 999 |
_c48965 _d48965 |
||